The Mathematical Theory of L Systems

Αποθηκεύτηκε σε:
Λεπτομέρειες βιβλιογραφικής εγγραφής
Κύριοι συγγραφείς: Rozenberg, Grzegorz, Salomaa, Arto (Συγγραφέας)
Μορφή: Βιβλίο
Γλώσσα:English
Δημοσίευση: New York : Academic Press, 1980.
Σειρά:Monographs and textbooks in pure and applied mathematics ; 90
Θέματα:
Ετικέτες: Προσθήκη ετικέτας
Δεν υπάρχουν, Καταχωρήστε ετικέτα πρώτοι!

MARC

LEADER 00000cam a2200000 i 4500
001 1/61720
008 941103s1980 nyu ||| | eng||
020 |a 0125971400 
035 |l 10046487 
035 |a 1993 
040 |a GR-MyUA  |b gre  |e AACR2 
041 0 |a eng 
082 0 |a 511.3  
100 1 |a Rozenberg, Grzegorz. 
245 1 4 |a The Mathematical Theory of L Systems /   |c Grzegorz Rozenberg, Arto Salomaa.  
260 |a New York :   |b Academic Press,   |c 1980.  
300 |a xvi, 352 σ. :   |b εικ. ;   |c 24 εκ.  
490 1 |a (Pure and applied mathematics (Academic Press)   |v ; 90) 
504 |a Περιέχει βιβλιογραφικές παραπομπές.  
650 0 0 |a L systems. 
650 0 0 |a Formal languages. 
700 1 |a Salomaa, Arto,  |e aut 
830 0 |a Monographs and textbooks in pure and applied mathematics ;  |v  90 
852 |a INST  |b SAMOS  |e 19941103  |h 511.3 ROZ  |p 005300007138  |q 005300007138  |t BK  |y 0 
909 |a Σ  |b 030722